Crear Compartir Transformar (Registro nro. 20271)
[ vista simple ]
| 000 -CABECERA | |
|---|---|
| Campo de control | 00798nam a2200217 a 4500 |
| 005 - FECHA Y HORA DE LA ULTIMA TRANSACCION | |
| Campo de control | 20200219060414.0 |
| 008 - ELEMENTOS DE LONGITUD FIJA—INFORMACION GENERAL | |
| Campo de control | 180724s2017 ck a||||r|||| 00| 0 spa d |
| 040 ## - FUENTE DE CATALOGACIÓN | |
| Agencia catalogadora original | CO-BoIAVH |
| Agencia transcriptora | CO-BoIAVH |
| 041 0# - IDIOMA | |
| Código de idioma para texto/pista de sonido o título separado | Español |
| 044 ## - PAÍS DE PUBLICACIÓN | |
| País de publicación | Colombia |
| 090 ## - CLASIFICACIÓN LOCAL | |
| Colección | FG- |
| Consecutivo | 0291 |
| 110 2# - ASIENTO PRINCIPAL--NOMBRE CORPORATIVO | |
| Nombre corporativo o de jurisdicción como elemento de entrada | SiB Colombia |
| 9 (RLIN) | 91920 |
| 245 10 - MENCION DE TITULO | |
| Título | Crear Compartir Transformar |
| Parte restante del título | Guía de acceso abierto del SiB Colombia / |
| 260 ## - PUBLICACION, DISTRIBUCION, ETC. (PIE DE IMPRENTA) | |
| Lugar de publicación, distribución, etc. | Bogotá (Colombia) : |
| Nombre del editor, distribuidor, etc. | SiB Colombia, |
| Fecha de publicación, distribución, etc. | 2017. |
| 300 ## - DESCRIPCION FISICA | |
| Extensión | 23 páginas : |
| Otros detalles físicos | ilustraciones a color ; |
| Dimensiones | 21 x 14 cm. + |
| Material acompañante | 5 fichas |
| 610 20 - ASIENTO SECUNDARIO DE MATERIA - NOMBRE CORPORATIVO | |
| Nombre corporativo o nombre de la jurisdicción como elemento de entrad | SiB Colombia |
| Subdivisión general | Acceso a la información |
| Subdivisión de forma | Guías |
| 9 (RLIN) | 91921 |
| 650 26 - ASIENTO SECUNDARIO DE MATERIA - TERMINO TEMATICO | |
| Término temático o nombre geográfico como elemento de entrada | Biodiversidad |
| Subdivisión general | Acceso abierto |
| Subdivisión geográfica | Colombia |
| Subdivisión de forma | Guías |
| 9 (RLIN) | 91922 |
| 650 26 - ASIENTO SECUNDARIO DE MATERIA - TERMINO TEMATICO | |
| Término temático o nombre geográfico como elemento de entrada | Datos abiertos |
| Subdivisión geográfica | Colombia |
| Subdivisión de forma | Guías |
| 9 (RLIN) | 91923 |
| 650 26 - ASIENTO SECUNDARIO DE MATERIA - TERMINO TEMATICO | |
| Término temático o nombre geográfico como elemento de entrada | Ciencia participativa |
| Subdivisión geográfica | Colombia |
| Subdivisión de forma | Guías |
| 9 (RLIN) | 91924 |
| 942 ## - ELEMENTOS ADICIONALES (KOHA) | |
| Sistema de clasificación | Dewey Decimal Classification |
| Tipo de ítem | Folleto |
| Withdrawn status | Lost status | Sistema de Clasificación | Damaged status | No para préstamo | Colección | Inventariado | Ubicación Permanente | Ubicación actual | Fecha de adquisición | Fuente de Valor | Total Checkouts | Número topográfico | Inventario / Código de Barras | Date last seen | Ejemplar | Price effective from | Forma de adquisición | Tipo de material | Date checked out |
|---|---|---|---|---|---|---|---|---|---|---|---|---|---|---|---|---|---|---|---|
| Local | Hemeroteca | Inventariado 2018 | Bogotá | Bogotá | 24/07/2018 | SiB Colombia | FG-0291 | 030297 | 24/07/2018 | Ej. 1 | 24/07/2018 | Donación | Folleto | ||||||
| Local | Hemeroteca | Inventariado 2018 | Bogotá | Bogotá | 24/07/2018 | SiB Colombia | FG-0291 | 030298 | 24/07/2018 | Ej. 2 | 24/07/2018 | Donación | Folleto | ||||||
| Local | Hemeroteca | Bogotá | Bogotá | 19/02/2020 | FG-0291 | 044124 | 19/02/2020 | Ej. 5 | 19/02/2020 | Donación | Folleto | ||||||||
| Local | Hemeroteca | Inventariado 2018 | Sala Fabio Quevedo | Sala Fabio Quevedo | 24/07/2018 | SiB Colombia | 1 | FG-0291 | 030299 | 16/08/2018 | Ej. 3 | 24/07/2018 | Donación | Folleto | 13/08/2018 | ||||
| Local | Hemeroteca | Inventariado 2018 | Villa de Leyva | Villa de Leyva | 24/07/2018 | SiB Colombia | FG-0291 | 030300 | 24/07/2018 | Ej. 4 | 24/07/2018 | Donación | Folleto |